Teorija optimal´nogo upravlenija dempfirovanijem kolebanij prostych uprugich sistem.

Uložené v:
Podrobná bibliografia
Hlavný autor: Komkov, Vadim
Médium: Kniha
Jazyk:Russian
Vydané: Moskva : Mir, 1975.
Fyzický popis: 158 strán.
Tagy: Pridať tag
Žiadne tagy, Buďte prvý kto otaguje tento záznam!

MARC

LEADER 00000nam a22000002i 4500
001 000669607
005 20211013091555.0
008 211013s1975 ru e 000 0 rus d
020 |c Kčs 9,50  |q (brožované) 
040 |a SVKKK  |b slo  |c SVKKK  |e rda 
100 1 |a Komkov, Vadim 
245 1 0 |a Teorija optimal´nogo upravlenija dempfirovanijem kolebanij prostych uprugich sistem. 
264 1 |a Moskva :  |b Mir,  |c 1975. 
300 |a 158 strán. 
336 |a text  |b txt  |2 rdacontent 
337 |a bez média  |b n  |2 rdamedia 
338 |a zväzok  |b nc  |2 rdacarrier 
500 |a Záznam revízie 
910 |a svkkk 
998 |a BK 
090 |g SCKHL  |k Sklad Pribinova 2. posch.  |a III.108183  |j 531385  |i 2720814403  |4 Zastaraná  |s Vyradená